000 00281nam a22001337a 4500
008 171218b xxu||||| |||| 00| 0 eng d
020 _a9780683306507
041 _aeng
080 _a618
100 _a10
101 _aGJIN
245 _aEMBRYOLOGY
_cSADLER,T.W
942 _2udc
_cBK
999 _c39068
_d39068